[Event "It"]
[Site "masterchessopen.com Montevideo (Uruguay)"]
[Round "0"]
[White "Toran Albero Roman (ESP)"]
[Black "Carvalho Flavio"]
[Result "1-0"]
[WhiteElo "2445"]
[BlackElo "2260"]

1.d4 Nf6 2.c4 g6 3.g3 Bg7 4.Bg2 d5 5.cxd5 Nxd5 6.Nf3 O-O 7.O-O Nb6 8.Nc3 Na6
9.Bf4 c5 10.dxc5 Qxd1 11.Rfxd1 Nxc5 12.Rac1 Nca4 13.Nxa4 Nxa4 14.b3 Nc3 15.Rd2
Ne4 16.Rd3 Re8 17.Nd2 Nxd2 18.Rxd2 e5 19.Be3 a6 20.Rc7 Rb8 21.Bd5 Be6 22.Bxe6
Rxe6 23.Rdd7 Rf6 24.Rxb7 Rc8 25.Rbc7 Re8 26.Bg5 Rf5 27.h4 e4 28.g4 Ra5 29.Rxf7
Bf8 30.Rxh7 {#r} 1-0

[Event "It"]
[Site "masterchessopen.com Nethanya (Israel)"]
[Round "7"]
[White "Porath Yosef (ISR)"]
[Black "Kraidman Yair (ISR)"]
[Result "1-0"]
[WhiteElo "2340"]
[BlackElo "2267"]

1.d4 Nf6 2.c4 g6 3.g3 Bg7 4.Bg2 d5 5.cxd5 Nxd5 6.Nf3 O-O 7.O-O Nb6 8.Nc3 Nc6
9.d5 Nb4 10.e4 e6 11.Bg5 f6 12.Be3 Qe7 13.Qb3 Kh8 14.Rfd1 exd5 15.exd5 Rd8
16.Rac1 c6 17.d6 Rxd6 18.Bc5 N4d5 19.Re1 Be6 20.Nxd5 cxd5 21.Qb4 Rad8 22.Nd4
Bf8 23.Nxe6 {#r} 1-0

[Event "Ch Argentina"]
[Site "masterchessopen.com Buenos Aires (Argentina)"]
[Round "10"]
[White "Garcia Raimundo (ARG)"]
[Black "Herrera Fernando (ARG)"]
[Result "1-0"]
[WhiteElo "2327"]
[BlackElo "2129"]

1.d4 Nf6 2.c4 g6 3.g3 d5 4.cxd5 Nxd5 5.Bg2 Bg7 6.Nf3 O-O 7.O-O Nb6 8.Nc3 Nc6
9.d5 Nb8 10.Nd4 Bd7 11.Bf4 c6 12.e4 Qc8 13.Rc1 e5 14.dxe6 Bxe6 15.Nd5 Nxd5
16.exd5 Bh3 17.Bxh3 Qxh3 18.dxc6 Nxc6 19.Nxc6 bxc6 20.b3 Rac8 21.Qf3 Qf5
22.Kg2 Qa5 23.Rxc6 Qxa2 24.Bd6 Rfe8 25.Re1 Bf8 26.Rxe8 Rxe8 27.Rc7 {#r} 1-0

[Event "Match \"]
[Site "masterchessopen.com Leningrad (Russia)"]
[Round "0"]
[White "Furman Semen (RUS)"]
[Black "Jansa Vlastimil (CZE)"]
[Result "1-0"]
[WhiteElo "2550"]
[BlackElo "2478"]

1.d4 Nf6 2.c4 g6 3.g3 Bg7 4.Bg2 d5 5.cxd5 Nxd5 6.Nf3 O-O 7.O-O Nb6 8.Nc3 Nc6
9.e3 Re8 10.Ne1 e5 11.d5 Na5 12.e4 c6 13.Nc2 cxd5 14.exd5 Nac4 15.b3 Nd6
16.Bb2 e4 17.Rb1 Nd7 18.Ne3 f5 19.Ne2 Bxb2 20.Rxb2 Ne5 21.Rc2 Bd7 22.Nf4 Qf6
23.Qd2 g5 24.Ne6 f4 25.Qb4 Ndf7 26.gxf4 gxf4 27.Bxe4 fxe3 28.fxe3 Qe7 29.Rg2+
Kh8 30.Qd4 Rf8 31.Nxf8 Rxf8 32.Rg3 Re8 33.Bxh7 Kxh7 34.Rxf7+ {#r} 1-0

[Event "?"]
[Site "masterchessopen.com URS"]
[Round "0"]
[White "Romanishin Oleg M (UKR)"]
[Black "Kupreichik Viktor D (BLR)"]
[Result "1-0"]
[WhiteElo "2440"]
[BlackElo "2440"]

1.d4 Nf6 2.Nf3 g6 3.c4 Bg7 4.g3 O-O 5.Bg2 d5 6.cxd5 Nxd5 7.O-O Nb6 8.Nc3 Nc6
9.d5 Na5 10.e4 c6 11.Bg5 h6 12.Bf4 cxd5 13.Nxd5 Nxd5 14.exd5 Nc4 15.Qc1 g5
16.Bxg5 hxg5 17.Qxc4 g4 18.Nh4 Bxb2 19.Rae1 Qd6 20.f3 gxf3 21.Rxf3 Bf6 22.Nf5
Bxf5 23.Rxf5 Rfc8 24.Qg4+ Kf8 25.Qh5 Rc2 26.Ref1 Kg7 27.Rg5+ Kf8 28.Qh7 {#r}
1-0

[Event "?"]
[Site "masterchessopen.com Hospitalet de Llobregat (Spain)"]
[Round "0"]
[White "Smejkal Jan (CZE)"]
[Black "Hug Werner (SUI)"]
[Result "1-0"]
[WhiteElo "2595"]
[BlackElo "2440"]

1.d4 Nf6 2.c4 g6 3.Nf3 Bg7 4.g3 O-O 5.Bg2 d5 6.cxd5 Nxd5 7.O-O Nb6 8.Nc3 Nc6
9.d5 Nb4 10.e4 c6 11.Qb3 Nd3 12.Bg5 h6 13.Be3 Nxb2 14.dxc6 bxc6 15.Qxb2 Na4
16.Nxa4 Bxb2 17.Nxb2 Kh7 18.Rfc1 Bd7 19.Na4 Qc8 20.Ne5 f6 21.Nxd7 Qxd7 22.Nc5
Qc8 23.Rab1 Rf7 24.Rb7 Qe8 25.Rcb1 Rd8 26.Bf1 Kh8 27.Ne6 Rc8 28.Bc4 g5 29.Bxa7
{#r} 1-0

[Event "Ch Leningrad"]
[Site "masterchessopen.com Leningrad (Russia)"]
[Round "0"]
[White "Mishuchkov Nikolai M (RUS)"]
[Black "Lukin Andrei M (RUS)"]
[Result "1-0"]
[WhiteElo "2407"]
[BlackElo "2407"]

1.d4 Nf6 2.c4 g6 3.Nf3 Bg7 4.g3 O-O 5.Bg2 d5 6.cxd5 Nxd5 7.O-O Nb6 8.Nc3 Nc6
9.e3 a5 10.d5 Nb4 11.e4 c6 12.a3 Na6 13.Bf4 cxd5 14.exd5 Bxc3 15.bxc3 Nxd5
16.Bh6 Re8 17.Ne5 e6 18.c4 Ndc7 19.Qxd8 Rxd8 20.Rfd1 Rf8 21.Bxf8 {#r} 1-0

[Event "Olympiad"]
[Site "masterchessopen.com Nice (France)"]
[Round "2"]
[White "Fairhurst William A (SCO)"]
[Black "Ogaard Leif (NOR)"]
[Result "0-1"]
[WhiteElo "2300"]
[BlackElo "2435"]

1.d4 Nf6 2.Nf3 g6 3.c4 Bg7 4.g3 O-O 5.Bg2 d5 6.cxd5 Nxd5 7.O-O Nb6 8.Nc3 Nc6
9.d5 Na5 10.Nd4 c6 11.Nb3 Nbc4 12.Nxa5 Nxa5 13.Bf4 Bd7 14.Qd3 Rc8 15.Rac1 c5
16.e4 e5 17.Bd2 a6 18.Rfd1 b5 19.b3 c4 20.bxc4 Nxc4 21.Rb1 Re8 22.Be1 Bf8
23.Ne2 a5 24.Nc1 b4 25.Bf1 Qf6 26.Be2 Bh6 27.Nb3 Qa6 28.Nd2 Bb5 29.Qf3 Nd6
30.a3 Rc3 31.Qxc3 bxc3 32.Nc4 Nxc4 33.Bxc4 c2 {#R} 0-1

[Event "?"]
[Site "masterchessopen.com Polanica Zdroj (Poland)"]
[Round "2"]
[White "Lombard Andre (SUI)"]
[Black "Kirov Nino (BUL)"]
[Result "0-1"]
[WhiteElo "2410"]
[BlackElo "2465"]

1.c4 Nf6 2.Nf3 g6 3.d4 Bg7 4.g3 O-O 5.Bg2 d5 6.cxd5 Nxd5 7.O-O Nb6 8.Nc3 Nc6
9.e3 e5 10.d5 Ne7 11.e4 Bg4 12.Qb3 c6 13.h3 Bxf3 14.Bxf3 cxd5 15.Nxd5 Nbxd5
16.exd5 Nf5 17.Qxb7 Nd4 18.Bg2 Qd6 19.Bg5 f6 20.Bd2 Rfb8 21.Bb4 Qxb4 {#R} 0-1

[Event "It"]
[Site "masterchessopen.com Kecskemet (Hungary)"]
[Round "0"]
[White "Plachetka Jan (SVK)"]
[Black "Tompa Janos (HUN)"]
[Result "1-0"]
[WhiteElo "2430"]
[BlackElo "2398"]

1.d4 Nf6 2.Nf3 g6 3.c4 Bg7 4.g3 d5 5.cxd5 Nxd5 6.Bg2 O-O 7.O-O Nb6 8.Nc3 Nc6
9.Bf4 Bg4 10.d5 Bxf3 11.Bxf3 Ne5 12.Bg2 Nec4 13.Qb3 Qd7 14.Rac1 Nd6 15.e4 e5
16.dxe6 Qxe6 17.Qxe6 fxe6 18.e5 Ndc4 19.Bxb7 Rab8 20.Be4 Nxb2 21.Nb5 N6c4
22.Nxa7 Rb4 23.Nc6 Ra4 24.Bc2 Ra6 25.Nd4 Nxe5 26.Bb3 Ned3 27.Nxe6 Nxc1 28.Rxc1
Nd3 29.Nc5+ Kh8 30.Nxd3 {#r} 1-0

[Event "It"]
[Site "masterchessopen.com Brighton (England)"]
[Round "0"]
[White "Whiteley Andrew J (ENG)"]
[Black "Cummings David H (CAN)"]
[Result "1-0"]
[WhiteElo "2280"]
[BlackElo "2265"]

1.d4 Nf6 2.c4 g6 3.g3 Bg7 4.Bg2 d5 5.cxd5 Nxd5 6.Nf3 O-O 7.O-O Nb6 8.Nc3 Nc6
9.Bf4 Bg4 10.d5 Na5 11.h3 Bd7 12.Be5 c6 13.Bxg7 Kxg7 14.e4 cxd5 15.exd5 Nac4
16.Qd4+ Kg8 17.Rfe1 Nd6 18.Ng5 Nf5 19.Qf4 h6 20.Nge4 Rc8 21.g4 g5 22.Nxg5 hxg5
23.Qxg5+ Ng7 24.Rxe7 Re8 25.d6 Be6 26.Bxb7 Qxd6 27.Rxe8+ Rxe8 28.Ne4 Qe7
29.Nf6+ Kf8 30.Bc6 Bd7 31.Qh6 Qb4 32.Nxe8 Bxc6 33.Nxg7 {#r} 1-0

[Event "Memorial Makarczyk"]
[Site "masterchessopen.com Prague (Czech Republic)"]
[Round "0"]
[White "Ilic Zoran (SRB)"]
[Black "Modr Bretislav (CZE)"]
[Result "1-0"]
[WhiteElo "2349"]
[BlackElo "2331"]

1.d4 Nf6 2.c4 g6 3.g3 Bg7 4.Bg2 d5 5.cxd5 Nxd5 6.Nf3 O-O 7.O-O Nb6 8.Nc3 Nc6
9.d5 Na5 10.e4 c6 11.Bg5 h6 12.Bf4 cxd5 13.Nxd5 Nc6 14.Qc1 Nxd5 15.exd5 Nb4
16.Bxh6 Nxd5 17.Bxg7 Kxg7 18.Rd1 e6 19.Ne5 Qa5 20.Ng4 Rh8 21.Qc4 Nf6 22.Nxf6
Kxf6 23.Rd5 exd5 24.Qd4+ Ke7 25.Qxh8 b6 26.b4 Qxb4 27.Bxd5 Be6 28.Qxa8 Qd4
29.Re1 {#r} 1-0

[Event "Tournament"]
[Site "masterchessopen.com Wehl"]
[Round "0"]
[White "De Lange Job (NED)"]
[Black "Pliester Leon (NED)"]
[Result "1-0"]
[WhiteElo "2269"]
[BlackElo "2392"]

1.d4 Nf6 2.c4 g6 3.Nf3 Bg7 4.g3 d5 5.cxd5 Nxd5 6.Bg2 O-O 7.O-O Nb6 8.Nc3 Nc6
9.e3 e5 10.d5 Ne7 11.e4 Nc4 12.b3 Nd6 13.Ba3 h6 14.Rc1 f5 15.Re1 f4 16.Na4 Nb5
17.Bb2 fxg3 18.hxg3 Qd6 19.Rc5 a6 20.Qa1 Rxf3 21.Bxf3 g5 22.Qd1 Qd7 23.Rc2 b6
24.d6 {#r} 1-0

[Event "Ch Yugoslavia"]
[Site "masterchessopen.com Yugoslavia"]
[Round "0"]
[White "Sulava Nenad (CRO)"]
[Black "Mrdja Milan (CRO)"]
[Result "1-0"]
[WhiteElo "2540"]
[BlackElo "2402"]

1.d4 Nf6 2.c4 g6 3.Nf3 Bg7 4.g3 O-O 5.Bg2 d5 6.cxd5 Nxd5 7.O-O Nb6 8.Nc3 Nc6
9.d5 Na5 10.Qc2 Nxd5 11.Rd1 c6 12.e4 Nb4 13.Qa4 Qb6 14.Be3 c5 15.a3 Bxc3
16.bxc3 Nbc6 17.e5 Qc7 18.Bh6 Re8 19.Qf4 Be6 20.Rd6 Bf5 21.Rd5 Be6 22.Ng5 Rad8
23.Rad1 Rxd5 24.Rxd5 Nd8 25.Rd6 Bf5 26.Qh4 exd6 27.Nxh7 Re6 28.Bg5 f6 29.Nxf6+
Rxf6 30.Bxf6 Nf7 31.Bd5 Kf8 32.e6 Bxe6 33.Bxe6 Nc6 34.Qh7 Nce5 35.Qg7+ {#r}
1-0

[Event "Zt"]
[Site "masterchessopen.com Montreal (Canada)"]
[Round "0"]
[White "Harper Bruce (CAN)"]
[Black "Spraggett Kevin (CAN)"]
[Result "0-1"]
[WhiteElo "2330"]
[BlackElo "2450"]

1.g3 g6 2.Bg2 Bg7 3.d4 d5 4.Nf3 Nf6 5.c4 O-O 6.cxd5 Nxd5 7.O-O Nb6 8.Nc3 Nc6
9.d5 Na5 10.e4 c6 11.dxc6 Nxc6 12.Bf4 Be6 13.Qc1 Bg4 14.Bh6 e5 15.Be3 Nd4
16.Nd2 Rc8 17.Qb1 Qd7 18.f3 Be6 19.Rf2 f5 20.f4 exf4 21.Bxf4 Nb5 22.Nxb5 Qxb5
23.Nf3 fxe4 24.Qxe4 Bd5 25.Qe7 Rce8 26.Qh4 Bxf3 27.Rxf3 Qxb2 28.Raf1 Qxa2
29.Bc7 Rxf3 30.Bxf3 Nd5 31.Bd6 Ne3 32.Qg5 Bd4 33.Kh1 Qa6 34.Bd5+ Kh8 {#R} 0-1

[Event "It"]
[Site "masterchessopen.com Amsterdam (Netherlands)"]
[Round "0"]
[White "Donner Jan-Hein (NED)"]
[Black "Van Mil Johannes A J (NED)"]
[Result "0-1"]
[WhiteElo "2430"]
[BlackElo "2315"]

1.d4 Nf6 2.c4 g6 3.g3 Bg7 4.Bg2 d5 5.cxd5 Nxd5 6.Nf3 O-O 7.O-O Nb6 8.Nc3 Nc6
9.e3 e5 10.d5 Na5 11.e4 c6 12.Bg5 f6 13.Be3 cxd5 14.Bxb6 Qxb6 15.Nxd5 Qd8
16.Rc1 Nc6 17.Qb3 Rf7 18.Rfd1 Be6 19.Qe3 Qf8 20.Rc5 Rd8 21.Qc3 Rfd7 22.b4 Kh8
23.Re1 Bxd5 24.exd5 Rxd5 25.Rxd5 Rxd5 26.Qc4 Rd7 27.b5 Nd8 28.Qc8 Re7 29.Qb8
b6 30.Rc1 Rd7 31.Bh3 f5 32.Nxe5 Rb7 {#R} 0-1

[Event "It (open)"]
[Site "masterchessopen.com Copenhagen (Denmark)"]
[Round "0"]
[White "Kirov Nino (BUL)"]
[Black "Laird Craig (AUS)"]
[Result "1-0"]
[WhiteElo "2440"]
[BlackElo "2297"]

1.Nf3 g6 2.d4 Bg7 3.g3 Nf6 4.Bg2 O-O 5.c4 d5 6.cxd5 Nxd5 7.O-O Nb6 8.Nc3 Nc6
9.e3 e5 10.d5 Na5 11.e4 c6 12.Bg5 f6 13.Be3 cxd5 14.Bxb6 Qxb6 15.Nxd5 Qd6
16.Qa4 Nc6 17.Rfd1 Bg4 18.Ne3 Qe6 19.Nxg4 Qxg4 20.Qb3+ Rf7 21.h3 Qc8 22.Bf1
Kf8 23.Qd5 Qd8 24.Qc5+ Qe7 25.Rd6 Kg8 26.Bc4 Bf8 27.Rad1 Rd8 28.Bxf7+ Kg7
29.Qxc6 {#r} 1-0

[Event "It (open)"]
[Site "masterchessopen.com New York (USA)"]
[Round "0"]
[White "Spraggett Kevin (CAN)"]
[Black "Ftacnik Lubomir (SVK)"]
[Result "1-0"]
[WhiteElo "2490"]
[BlackElo "2535"]

1.d4 Nf6 2.Nf3 g6 3.g3 Bg7 4.Bg2 O-O 5.c4 d5 6.cxd5 Nxd5 7.O-O Nb6 8.Nc3 Nc6
9.e3 e5 10.d5 Ne7 11.e4 Bg4 12.a4 c6 13.a5 Nc4 14.Qb3 Nxa5 15.Qa2 b6 16.b4 Nb7
17.Bg5 c5 18.d6 Nxd6 19.bxc5 Ndc8 20.Qa3 Rb8 21.Rab1 Qc7 22.Rfc1 bxc5 23.Rxb8
Qxb8 24.Qxc5 f6 25.Be3 Rd8 26.Nd2 Bf8 27.Qa5 Rd6 28.Nc4 Rc6 29.Nd5 Kg7 30.Qd8
Kf7 31.Nxe7 Rxc4 32.Rxc4 Bxe7 33.Qh8 Be6 34.Qxh7+ Ke8 35.Rc1 {#r} 1-0

[Event "Ch Czechoslovakia"]
[Site "masterchessopen.com Sumperk (Czech Republic)"]
[Round "0"]
[White "Jurek Josef (CZE)"]
[Black "Pribyl Josef (CZE)"]
[Result "1-0"]
[WhiteElo "2320"]
[BlackElo "2470"]

1.Nf3 Nf6 2.c4 g6 3.g3 Bg7 4.Bg2 O-O 5.d4 d5 6.cxd5 Nxd5 7.O-O Nb6 8.Nc3 Nc6
9.d5 Na5 10.e4 c6 11.Bg5 h6 12.Bf4 cxd5 13.Nxd5 Nxd5 14.exd5 Nc4 15.Qc1 Nb6
16.Bxh6 Nxd5 17.Rd1 e6 18.Bxg7 Kxg7 19.Rd4 Rh8 20.Qd2 b6 21.Re1 Bb7 22.Ng5 Rh5
23.h4 Qd6 24.Bf3 Rhh8 25.Rf4 Raf8 26.Qd4+ Kg8 27.Rxf7 {#r} 1-0

[Event "It"]
[Site "masterchessopen.com Habana (Cuba)"]
[Round "12"]
[White "Pigusov Evgeny (RUS)"]
[Black "Barreras Alberto (CUB)"]
[Result "1-0"]
[WhiteElo "2490"]
[BlackElo "2370"]

1.d4 Nf6 2.c4 g6 3.Nf3 Bg7 4.g3 O-O 5.Bg2 d5 6.cxd5 Nxd5 7.O-O Nb6 8.Nc3 Nc6
9.e3 e5 10.d5 Ne7 11.e4 Bg4 12.a4 c6 13.a5 Nc4 14.Qb3 Nd6 15.h3 Bxf3 16.Bxf3
cxd5 17.Bg5 f6 18.Be3 Nf7 19.Nxd5 Nxd5 20.Rfd1 Nxe3 21.Rxd8 Rfxd8 22.Qxe3 Bh6
23.Qb3 Rab8 24.Rd1 Rxd1+ 25.Bxd1 Kg7 26.a6 b6 27.Qe6 {#r} 1-0

[Event "Ch URS (qual)"]
[Site "masterchessopen.com Toljatti (Russia)"]
[Round "0"]
[White "Pigusov Evgeny (RUS)"]
[Black "Podgaets Mikhail (UKR)"]
[Result "0-1"]
[WhiteElo "2490"]
[BlackElo "2450"]

1.c4 Nf6 2.Nf3 g6 3.d4 Bg7 4.g3 O-O 5.Bg2 d5 6.cxd5 Nxd5 7.O-O Nb6 8.Nc3 Nc6
9.e3 e5 10.d5 Ne7 11.e4 Bg4 12.a4 c6 13.a5 Nc4 14.Qb3 Nxa5 15.Qa2 b6 16.b4 Nb7
17.Bg5 c5 18.bxc5 Nxc5 19.Nd2 h6 20.Be3 Nb7 21.Nc4 Nc8 22.Qd2 Qc7 23.Na3 Na5
24.Rab1 Kh7 25.Rfc1 Qd8 26.Ncb5 Bd7 27.Nc7 Rb8 28.Na6 Ra8 29.Nc7 Rb8 30.Na6
Ra8 31.Nc7 {#R} 0-1

[Event "It (open)"]
[Site "masterchessopen.com Balatonbereny (Hungary)"]
[Round "0"]
[White "Jukic Mirko (CRO)"]
[Black "Banas Jan (SVK)"]
[Result "1-0"]
[WhiteElo "2455"]
[BlackElo "2395"]

1.d4 Nf6 2.c4 g6 3.Nf3 Bg7 4.g3 O-O 5.Bg2 d5 6.cxd5 Nxd5 7.O-O Nb6 8.Nc3 Nc6
9.e3 e5 10.d5 Ne7 11.e4 Bg4 12.h3 Bxf3 13.Qxf3 c6 14.Rd1 cxd5 15.Nxd5 Nexd5
16.exd5 Qd6 17.Qb3 Rfd8 18.Bg5 Rd7 19.a4 h6 20.Be3 Rad8 21.a5 Nc8 22.a6 bxa6
23.Bf1 e4 24.Bxa6 Qe5 25.Bxc8 Rxc8 26.Rxa7 Rxa7 27.Bxa7 Qxb2 28.Qxb2 Bxb2
29.d6 Bf6 30.d7 Ra8 31.Bb6 Bd8 32.Rc1 Kf8 33.Rc8 Ra1+ 34.Kg2 Ke7 35.Rxd8 Ra6
36.Rf8 {#r} 1-0

[Event "Ch Netherlands (1/2 final)"]
[Site "masterchessopen.com Eindhoven (Netherlands)"]
[Round "1"]
[White "Bartels Hans A (NED)"]
[Black "Van Mil Johannes A J (NED)"]
[Result "0-1"]
[WhiteElo "2297"]
[BlackElo "2337"]

1.d4 Nf6 2.c4 g6 3.g3 Bg7 4.Bg2 d5 5.cxd5 Nxd5 6.Nf3 O-O 7.O-O Nb6 8.Nc3 Nc6
9.e3 Re8 10.Ne1 e5 11.d5 Nb4 12.a3 Na6 13.Nc2 Nc5 14.Nb4 e4 15.Qc2 a5 16.Nba2
Qe7 17.a4 Bf5 18.b3 Nd3 19.Rb1 Rad8 20.d6 Qxd6 21.Nb5 Qe6 22.Bd2 Nd5 23.Bxa5
b6 24.Bd2 c6 25.Nd4 Bxd4 26.exd4 e3 27.g4 exf2+ 28.Rxf2 Nxf2 29.gxf5 Qf6
30.Kxf2 Qxd4+ 31.Kf1 Re5 32.Bxd5 Rxf5+ 33.Kg2 Qxd5+ {#R} 0-1

[Event "Ch Sweden"]
[Site "masterchessopen.com Malme (Sweden)"]
[Round "0"]
[White "Hartman Christer (SWE)"]
[Black "Welin Thomas (SWE)"]
[Result "0-1"]
[WhiteElo "2335"]
[BlackElo "2445"]

1.d4 Nf6 2.c4 g6 3.g3 Bg7 4.Bg2 d5 5.cxd5 Nxd5 6.Nf3 O-O 7.O-O Nb6 8.Nc3 Nc6
9.e3 e5 10.d5 Na5 11.e4 c6 12.Bg5 f6 13.Be3 cxd5 14.Bxb6 Qxb6 15.Nxd5 Qd8
16.Rc1 Nc6 17.Ne1 f5 18.Nd3 Kh8 19.Qd2 fxe4 20.Bxe4 Bh3 21.Rfe1 Nd4 22.f4 Bf5
23.Qg2 exf4 24.gxf4 Rc8 25.Rxc8 Qxc8 26.Ne7 Bxe4 27.Rxe4 Qd7 28.Re1 Re8 29.Nd5
Rxe1+ 30.Nxe1 Nf5 31.Nd3 Bd4+ 32.Kh1 Kg7 33.Qe4 Ng3+ {#R} 0-1

[Event "Ch Poland (team)"]
[Site "masterchessopen.com Porabka (Poland)"]
[Round "11"]
[White "Krainski Aleksander (POL)"]
[Black "Sajko Czeslaw (POL)"]
[Result "0-1"]
[WhiteElo "2248"]
[BlackElo "2250"]

1.Nf3 Nf6 2.c4 g6 3.g3 Bg7 4.Bg2 O-O 5.O-O d5 6.cxd5 Nxd5 7.d4 Nb6 8.Nc3 Nc6
9.d5 Na5 10.e4 c6 11.dxc6 Nxc6 12.h3 Be6 13.Re1 Nb4 14.e5 Qc8 15.Kh2 Rd8
16.Qe2 Bc4 17.Qe4 Nd3 18.Rf1 Nc5 {#R} 0-1

[Event "?"]
[Site "masterchessopen.com Dijon (France)"]
[Round "0"]
[White "Ilic Zoran (SRB)"]
[Black "Vareille Francois (FRA)"]
[Result "1-0"]
[WhiteElo "2349"]
[BlackElo "2385"]

1.Nf3 Nf6 2.c4 g6 3.d4 Bg7 4.g3 O-O 5.Bg2 d5 6.cxd5 Nxd5 7.O-O Nb6 8.Nc3 Nc6
9.d5 Na5 10.e4 c6 11.Bg5 h6 12.Bf4 cxd5 13.exd5 Nac4 14.b3 Bxc3 15.Rc1 Nb2
16.Qe2 Bg7 17.Be5 Bxe5 18.Nxe5 Nxd5 19.Qxb2 e6 20.Rfe1 Qf6 21.Qd2 h5 22.Rc4 b6
23.g4 hxg4 24.Nxg4 Qd8 25.Qh6 Rb8 26.Rd4 Bb7 27.Bxd5 Bxd5 28.Rf4 f5 29.Qxg6+
Kh8 30.Qh5+ Kg8 31.Qg6+ Kh8 32.Re3 Qh4 33.Nf6 Qxf6 34.Rh3+ {#r} 1-0

[Event "It"]
[Site "masterchessopen.com Dordrecht (Netherlands)"]
[Round "6"]
[White "Pigusov Evgeny (RUS)"]
[Black "Riemersma Liafbern (NED)"]
[Result "1-0"]
[WhiteElo "2520"]
[BlackElo "2395"]

1.Nf3 Nf6 2.c4 g6 3.g3 Bg7 4.Bg2 O-O 5.d4 d5 6.cxd5 Nxd5 7.O-O Nb6 8.Nc3 Nc6
9.e3 Re8 10.d5 Na5 11.Nd4 Bd7 12.a4 c5 13.dxc6 Nxc6 14.a5 Nc4 15.a6 Qc8 16.Qb3
Nd6 17.Qd5 Nd8 18.Ne4 Nf5 19.Nc5 Bc6 20.Nxc6 bxc6 21.Qc4 Rb8 22.Ra2 Nd6 23.Qc2
Ne6 24.Nd3 Rb6 25.Bd2 Rxa6 26.Rfa1 Rxa2 27.Rxa2 Qb7 28.Nb4 Rc8 29.Bxc6 Qc7
30.Nd5 Qd8 31.Rxa7 Nf5 32.Qa4 Qb6 {#r} 1-0

[Event "Bundesliga 1986/87"]
[Site "masterchessopen.com Germany"]
[Round "0"]
[White "Reefschlaeger Helmut Dr (GER)"]
[Black "Stelting Thorsten (GER)"]
[Result "1-0"]
[WhiteElo "2248"]
[BlackElo "2212"]

1.d4 Nf6 2.g3 g6 3.c4 Bg7 4.Bg2 d5 5.cxd5 Nxd5 6.Nf3 O-O 7.O-O Nb6 8.Nc3 Nc6
9.e3 a5 10.b3 a4 11.bxa4 e5 12.Ba3 Re8 13.Bc5 Nd7 14.Rc1 exd4 15.Bxd4 Nxd4
16.Nxd4 Nb6 17.Qb3 c5 18.Ndb5 Be6 19.Qc2 Qe7 20.Rfd1 c4 21.Rd6 Bf5 22.e4 Bxc3
23.Rxb6 Ba5 24.Rxb7 Qxb7 25.exf5 Qa6 26.fxg6 hxg6 27.Bxa8 Qxa8 28.Nd6 Re6
29.Nxc4 Rc6 30.Qe4 Qc8 31.Rc2 Re6 32.Nxa5 Qa6 33.Qb4 {#r} 1-0

[Event "It (open)"]
[Site "masterchessopen.com London (England)"]
[Round "0"]
[White "Arkell Keith C (ENG)"]
[Black "Fatin Tarek (EGY)"]
[Result "1-0"]
[WhiteElo "2400"]
[BlackElo "2375"]

1.d4 Nf6 2.Nf3 g6 3.c4 Bg7 4.g3 O-O 5.Bg2 d5 6.cxd5 Nxd5 7.O-O Nb6 8.Nc3 Nc6
9.d5 Na5 10.e4 c6 11.Re1 Bd7 12.Bf4 Nac4 13.Qe2 Rc8 14.Rac1 cxd5 15.exd5 Nxb2
16.Qxb2 Rxc3 17.Rxc3 Na4 18.Qxb7 Bxc3 19.Rc1 a5 20.Be5 Bb4 21.Qa7 f6 22.Ba1 e5
23.dxe6 Bxe6 24.Ng5 Bf7 25.Nxf7 Rxf7 26.Qd4 Qxd4 27.Bxd4 Rd7 28.Bxf6 Kf7
29.Bc6 Rd3 30.Bb5 Ra3 31.Rc6 Bc3 32.Bc4+ Ke8 33.Bg5 Bd4 34.Rc8+ {#r} 1-0

[Event "It"]
[Site "masterchessopen.com Moscow (Russia)"]
[Round "0"]
[White "Petrosian Arshak B (ARM)"]
[Black "Garcia Martinez Silvino (CUB)"]
[Result "1-0"]
[WhiteElo "2510"]
[BlackElo "2455"]

1.d4 Nf6 2.c4 g6 3.Nf3 Bg7 4.g3 O-O 5.Bg2 d5 6.cxd5 Nxd5 7.O-O Nb6 8.Nc3 Nc6
9.d5 Na5 10.e4 c6 11.Bg5 f6 12.Bf4 e5 13.dxe6 Bxe6 14.b3 Qxd1 15.Raxd1 Rfd8
16.e5 fxe5 17.Bxe5 Bxe5 18.Nxe5 Rac8 19.Rfe1 Rxd1 20.Rxd1 Kf8 21.f4 Ke7 22.Re1
c5 23.Ne4 Bg8 24.Nxc5 Rxc5 25.Nd3+ Kd6 26.Nxc5 Kxc5 27.Re5+ {#r} 1-0

[Event "Ch Armed Forces"]
[Site "masterchessopen.com Sverdlovsk (Russia)"]
[Round "0"]
[White "Tukmakov Vladimir B (UKR)"]
[Black "Semeniuk Alexander A (RUS)"]
[Result "1-0"]
[WhiteElo "2580"]
[BlackElo "2417"]

1.d4 Nf6 2.Nf3 g6 3.c4 Bg7 4.g3 O-O 5.Bg2 d5 6.cxd5 Nxd5 7.O-O Nb6 8.Nc3 Nc6
9.e3 e5 10.d5 Ne7 11.e4 Bg4 12.a4 c6 13.a5 {#r} 1-0

[Event "Tournament"]
[Site "masterchessopen.com Sverdlovsk (Russia)"]
[Round "0"]
[White "Tukmakov Vladimir B (UKR)"]
[Black "Semeniuk Alexander A (RUS)"]
[Result "1-0"]
[WhiteElo "2580"]
[BlackElo "2417"]

1.d4 Nf6 2.Nf3 g6 3.c4 Bg7 4.g3 O-O 5.Bg2 d5 6.cxd5 Nxd5 7.O-O Nb6 8.Nc3 Nc6
9.e3 e5 10.d5 Ne7 11.e4 Bg4 12.a4 c6 13.a5 Nc4 14.Qb3 cxd5 15.Nxd5 Nxd5
16.Qxc4 Ne7 17.Bg5 h6 18.Rfd1 Qe8 19.Be3 Qc6 20.Qb4 Qc7 21.a6 bxa6 22.Rxa6
Rfc8 23.Qa4 Nc6 24.Rc1 Bd7 25.Bf1 Qb7 26.Bb5 Nb8 27.Rxc8+ Bxc8 28.Rxg6 Qe7
29.Bc4 Kh7 30.Bd5 fxg6 31.Bxa8 a6 32.Bd5 Bd7 33.Qc4 Qd8 34.Qc5 Bb5 35.Kg2 Qf6
36.Qc8 {#r} 1-0

[Event "?"]
[Site "masterchessopen.com URS"]
[Round "0"]
[White "Foigel Igor (USA)"]
[Black "Neverov Valeriy (UKR)"]
[Result "0-1"]
[WhiteElo "2415"]
[BlackElo "2440"]

1.d4 Nf6 2.c4 g6 3.Nf3 Bg7 4.g3 O-O 5.Bg2 d5 6.cxd5 Nxd5 7.O-O Nb6 8.Nc3 Nc6
9.d5 Na5 10.e4 c6 11.Bg5 h6 12.Bf4 cxd5 13.exd5 Nac4 14.Qe2 Bg4 15.b3 Bxc3
16.Rac1 Nxd5 17.Bxh6 Ncb6 18.Rxc3 Nxc3 19.Qe5 f6 20.Qxc3 Rf7 21.Nh4 g5 22.Qc2
Bh5 23.g4 Rh7 24.gxh5 Rxh6 25.Nf5 Rh7 26.h4 e6 27.Rd1 Qc8 28.Ne7+ Rxe7 29.Qg6+
Rg7 30.Qxf6 Qf8 {#R} 0-1

[Event "It (open)"]
[Site "masterchessopen.com Zurich (Switzerland)"]
[Round "0"]
[White "Neckar Lubomir (CZE)"]
[Black "Mohr Stefan (GER)"]
[Result "1-0"]
[WhiteElo "2367"]
[BlackElo "2413"]

1.Nf3 g6 2.d4 Nf6 3.g3 Bg7 4.Bg2 O-O 5.c4 d5 6.cxd5 Nxd5 7.O-O Nb6 8.Nc3 Nc6
9.e3 Re8 10.d5 Na5 11.Nd4 Bd7 12.Qe2 Qc8 13.Rd1 c6 14.e4 cxd5 15.exd5 Nac4
16.b3 Nd6 17.Bb2 Bg4 18.f3 Bh3 19.Rac1 Bxg2 20.Kxg2 Qd7 21.Ne4 Bxd4 22.Rxd4
Nf5 23.Rd3 Nxd5 24.Rc5 Nfe3+ 25.Rxe3 Nxe3+ 26.Qxe3 Qe6 27.Qh6 f6 28.Ng5 Qe2+
29.Kh3 Qf1+ 30.Kg4 {#r} 1-0

[Event "It (cat.10)"]
[Site "masterchessopen.com Beer-Sheva (Israel)"]
[Round "12"]
[White "Greenfeld Alon (ISR)"]
[Black "Mestel A Jonathan (ENG)"]
[Result "1-0"]
[WhiteElo "2550"]
[BlackElo "2510"]

1.d4 Nf6 2.c4 g6 3.g3 Bg7 4.Bg2 O-O 5.Nf3 d5 6.cxd5 Nxd5 7.O-O Nb6 8.Nc3 Nc6
9.e3 Re8 10.h3 e5 11.d5 Na5 12.e4 c6 13.Re1 cxd5 14.exd5 f5 15.Bg5 Qd6 16.Rc1
Bd7 17.b3 Rac8 18.Qd2 e4 19.Nd4 Nac4 20.bxc4 Nxc4 21.Qd1 Nb2 22.Qb3 Nd3
23.Ncb5 Qb6 24.d6+ Kh8 25.Rxc8 Rxc8 26.Qf7 Ne5 27.Qd5 Rc5 28.Qb3 a6 29.Nc7
Qxd6 30.Nce6 Nd3 31.Rf1 Be5 32.Nxc5 Nxc5 33.Qf7 Bxd4 34.Be7 {#r} 1-0